000 00505pab a2200193 454500
008 180718b2012 xxu||||| |||| 00| 0 eng d
100 _aDas, Kumar B.
245 _aQuality in higher education system of India
260 _c2012
300 _ap.12-14,17
362 _a22 Oct
650 _aEducational systems - India
650 _aHigher education - India
650 _aEducational quality - India
650 _aEducational quality
773 _aUniversity News
908 _aN
909 _a97809
999 _c97808
_d97808